[Event "Titled Tuesday intern op 23rd Apr Late"]
[Site "Chess.com INT"]
[Date "2024.04.23"]
[Round "8"]
[White "Yang, Kevin S"]
[Black "Mesa Cruz, Juan Carlos"]
[Result "1/2-1/2"]
[WhiteElo "2096"]
[BlackElo "2126"]
[PlyCount "139"]
[EventDate "2024.04.23"]
[EventType "swiss (blitz)"]
[EventRounds "11"]
[EventCountry "USA"]
[SourceTitle "CB18_2024"]
[SourceDate "2024.05.01"]
[SourceVersion "1"]
[SourceVersionDate "2024.05.01"]
[SourceQuality "2"]

1. e4 c5 2. Nf3 d6 3. Bb5+ Nd7 4. 0-0 Ngf6 5. Re1 e6 6. e5 dxe5 7. d3 a6 8. Bxd7+ Nxd7 9. Nxe5 Nxe5 10. Rxe5 Bd6 11. Re1 Qh4 12. g3 Qh3 13. Nd2 b5 14. Ne4 Be7 15. Qf3 Ra7 16. Qg2 Qf5 17. a4 b4 18. g4 Qd5 19. Nd2 Qd7 20. Nc4 Bb7 21. f3 0-0 22. Be3 Bc6 23. Ne5 Qc7 24. Nxc6 Qxc6 25. f4 Qxg2+ 26. Kxg2 b3 27. c3 Rd7 28. Rad1 Rfd8 29. Kf3 Rxd3 30. Rxd3 Rxd3 31. Ke2 c4 32. a5 Kf8 33. Ra1 Rd8 34. Ra4 Rc8 35. Bd4 f6 36. Ke3 Bd6 37. Ke4 Ke7 38. h3 g6 39. Bb6 f5+ 40. Kf3 Kd7 41. Be3 Bc5 42. Rxc4 Bd6 43. Rxc8 Kxc8 44. Bd4 Kb7 45. h4 Bc7 46. h5 Bxa5 47. hxg6 hxg6 48. gxf5 gxf5 49. Ke2 Kc6 50. Kd3 Bc7 51. Be3 a5 52. c4 a4 53. Kc3 Ba5+ 54. Kd3 a3 55. bxa3 Bc7 56. Bd2 Bd6 57. Kc3 Bxa3 58. Kxb3 Kc5 59. Kxa3 Kxc4 60. Kb2 Kd4 61. Kc1 Ke4 62. Kd1 e5 63. fxe5 Kxe5 64. Ke2 Ke4 65. Be3 f4 66. Bf2 f3+ 67. Kf1 Kf4 68. Be1 Kg4 69. Kf2 Kh3 70. Kxf3 1/2-1/2

[Event "Titled Tuesday intern op 02nd Apr Late"]
[Site "Chess.com INT"]
[Date "2024.04.02"]
[Round "6"]
[White "Mesa Cruz, Juan Carlos"]
[Black "Tikhonov, Viacheslav"]
[Result "1-0"]
[WhiteElo "2126"]
[BlackElo "2160"]
[PlyCount "49"]
[EventDate "2024.04.02"]
[EventType "swiss (blitz)"]
[EventRounds "11"]
[EventCountry "USA"]
[SourceTitle "CB15_2024"]
[SourceDate "2024.04.10"]
[SourceVersion "1"]
[SourceVersionDate "2024.04.10"]
[SourceQuality "1"]

1. e4 d5 2. exd5 Qxd5 3. Nc3 Qa5 4. d3 c5 5. Nf3 Nf6 6. h3 Nc6 7. Be3 Bf5 8. g4 Bd7 9. Nd2 e6 10. Nb3 Qb6 11. Bg2 Nd4 12. 0-0 Bd6 13. Ne2 Nxe2+ 14. Qxe2 Qc7 15. Nd2 0-0-0 16. Nc4 Nd5 17. Nxd6+ Qxd6 18. f4 Nxe3 19. Qxe3 Bc6 20. Bxc6 Qxc6 21. f5 exf5 22. Rxf5 f6 23. Rxc5 Rhe8 24. Rxc6+ Kb8 25. Re6 1-0

[Event "Titled Tuesday intern op 02nd Apr Early"]
[Site "Chess.com INT"]
[Date "2024.04.02"]
[Round "11"]
[White "Nikanova, Ekaterina"]
[Black "Mesa Cruz, Juan Carlos"]
[Result "0-1"]
[WhiteElo "2044"]
[BlackElo "2126"]
[PlyCount "122"]
[EventDate "2024.04.02"]
[EventType "swiss (blitz)"]
[EventRounds "11"]
[EventCountry "USA"]
[SourceTitle "CB15_2024"]
[SourceDate "2024.04.10"]
[SourceVersion "1"]
[SourceVersionDate "2024.04.10"]
[SourceQuality "1"]

1. e4 c5 2. a3 Nc6 3. b4 cxb4 4. axb4 Nxb4 5. d4 g6 6. c3 Nc6 7. d5 Na5 8. Nf3 Bg7 9. Be2 b6 10. 0-0 Nf6 11. e5 Ne4 12. Qd4 Nc5 13. Rxa5 Nb3 14. Qa4 Nxa5 15. d6 e6 16. Bg5 f6 17. exf6 Bxf6 18. Qh4 Bxg5 19. Nxg5 h6 20. f4 Qf6 21. Bd3 hxg5 22. Bxg6+ Kd8 23. Qg4 Qxg6 24. fxg5 Bb7 25. Nd2 Qd3 26. Qf4 Re8 27. Qf6+ Kc8 28. Qf7 Rd8 29. Qf2 Qxd6 30. g6 Kc7 31. g7 Rg8 32. Nf3 Rxg7 33. g3 Rag8 34. Nd4 Rxg3+ 35. hxg3 Rxg3+ 36. Kh2 Rf3+ 37. Kg1 Rxf2 38. Nb5+ Kc8 39. Nxd6+ Kb8 40. Rxf2 Bd5 41. c4 Nxc4 42. Rf8+ Kc7 43. Nxc4 Bxc4 44. Kf2 b5 45. Ke3 e5 46. Re8 d6 47. Re7+ Kb6 48. Kd2 a5 49. Kc3 Kc5 50. Rc7+ Kb6 51. Rd7 Kc6 52. Ra7 a4 53. Kb4 e4 54. Re7 d5 55. Kc3 Kd6 56. Re8 a3 57. Ra8 a2 58. Kb2 Ke5 59. Re8+ Kd4 60. Ka1 e3 61. Re7 Kd3 0-1

[Event "Titled Tuesday intern op 12th Mar Late"]
[Site "Chess.com INT"]
[Date "2024.03.12"]
[Round "8"]
[White "Mesa Cruz, Juan Carlos"]
[Black "De Souza, Cristiano Gomes"]
[Result "1-0"]
[WhiteElo "2126"]
[BlackElo "2018"]
[PlyCount "37"]
[EventDate "2024.03.12"]
[EventType "swiss (blitz)"]
[EventRounds "11"]
[EventCountry "USA"]
[SourceTitle "CB12_2024"]
[SourceDate "2023.10.01"]
[SourceVersion "1"]
[SourceVersionDate "2023.10.01"]
[SourceQuality "1"]

1. e4 c5 2. Nf3 d6 3. d4 cxd4 4. Nxd4 Nf6 5. Nc3 a6 6. Bg5 e6 7. f4 Be7 8. Qf3 h6 9. Bh4 g5 10. fxg5 Nfd7 11. Nxe6 fxe6 12. Qh5+ Kf8 13. Bb5 Bxg5 14. Rf1+ Bf6 15. Bxd7 Nxd7 16. e5 dxe5 17. 0-0-0 Kg7 18. Ne4 Bxh4 19. Qf7# 1-0

[Event "Titled Tuesday intern op 27th Feb Late"]
[Site "Chess.com INT"]
[Date "2024.02.27"]
[Round "11"]
[White "Mesa Cruz, Juan Carlos"]
[Black "Arauz Alonso, Fernando"]
[Result "1-0"]
[WhiteElo "2126"]
[BlackElo "2197"]
[PlyCount "85"]
[EventDate "2024.02.27"]
[EventType "swiss (blitz)"]
[EventRounds "11"]
[EventCountry "USA"]
[SourceTitle "CB10_2024"]
[SourceDate "2024.03.06"]
[SourceVersion "1"]
[SourceVersionDate "2024.03.06"]
[SourceQuality "1"]

1. e4 c5 2. Nc3 e6 3. g3 d5 4. exd5 exd5 5. Bg2 d4 6. Qe2+ Qe7 7. Nb5 Qxe2+ 8. Nxe2 Na6 9. d3 Bd7 10. Bxb7 Rb8 11. Bxa6 Bxb5 12. Bxb5+ Rxb5 13. a4 Rb7 14. b3 Nf6 15. Bd2 Bd6 16. Kf1 0-0 17. f3 Re8 18. Kf2 Nd5 19. Rhe1 Rbe7 20. Ng1 f5 21. Rxe7 Rxe7 22. Re1 Rxe1 23. Kxe1 f4 24. g4 g5 25. Nh3 h6 26. Nf2 Nf6 27. Ne4 Nxe4 28. dxe4 Kf7 29. Ke2 Ke6 30. Kd3 Kd7 31. Kc4 Kc6 32. Bc1 a5 33. Bd2 Bc7 34. c3 Be5 35. cxd4 Bxd4 36. Bxa5 Bg7 37. Bc3 Bf8 38. Bf6 Bd6 39. Bg7 h5 40. h3 hxg4 41. hxg4 Be7 42. e5 Kd7 43. Bf6 1-0

[Event "Titled Tuesday intern op 27th Feb Late"]
[Site "Chess.com INT"]
[Date "2024.02.27"]
[Round "6"]
[White "Mesa Cruz, Juan Carlos"]
[Black "De Souza, Arthur Olintho"]
[Result "1-0"]
[WhiteElo "2126"]
[BlackElo "2113"]
[PlyCount "67"]
[EventDate "2024.02.27"]
[EventType "swiss (blitz)"]
[EventRounds "11"]
[EventCountry "USA"]
[SourceTitle "CB10_2024"]
[SourceDate "2024.03.06"]
[SourceVersion "1"]
[SourceVersionDate "2024.03.06"]
[SourceQuality "1"]

1. e4 c5 2. Nf3 d6 3. Bb5+ Bd7 4. Bxd7+ Qxd7 5. c4 Nc6 6. d4 cxd4 7. Nxd4 g6 8. 0-0 Bg7 9. Be3 Nf6 10. f3 0-0 11. Nc3 a6 12. Qd3 Rac8 13. b3 Ne5 14. Qd2 e6 15. Rfd1 Rfd8 16. h3 Nc6 17. Rac1 d5 18. exd5 exd5 19. c5 Re8 20. Nxc6 bxc6 21. Bd4 Qf5 22. Re1 Nh5 23. Bxg7 Kxg7 24. Ne2 Re7 25. g4 Qe5 26. gxh5 gxh5 27. Qd4 f6 28. Qxe5 fxe5 29. Kf2 Kf6 30. Ng3 h4 31. Nf1 Kf5 32. Ne3+ Kf4 33. Rg1 d4 34. Rg4# 1-0

[Event "Titled Tuesday intern op 13th Feb Late"]
[Site "Chess.com INT"]
[Date "2024.02.13"]
[Round "2"]
[White "Kucza, Karol"]
[Black "Mesa Cruz, Juan Carlos"]
[Result "1-0"]
[WhiteElo "2328"]
[BlackElo "2126"]
[PlyCount "82"]
[EventDate "2024.02.13"]
[EventType "swiss (blitz)"]
[EventRounds "11"]
[EventCountry "USA"]
[SourceTitle "CB08_2024"]
[SourceDate "2024.02.21"]
[SourceVersion "1"]
[SourceVersionDate "2024.02.21"]
[SourceQuality "1"]

1. e4 c5 2. Nf3 d6 3. d4 cxd4 4. Nxd4 Nf6 5. Nc3 a6 6. Bg5 e6 7. f4 Be7 8. Qf3 Qc7 9. 0-0-0 Nbd7 10. Bd3 b5 11. Rhe1 Bb7 12. Qg3 b4 13. Nd5 exd5 14. exd5 Kd8 15. Nc6+ Bxc6 16. dxc6 Nc5 17. Bf5 Qxc6 18. Bh4 g6 19. Rxe7 Kxe7 20. Re1+ Kd8 21. Bxf6+ Kc7 22. Bxh8 Rxh8 23. Re7+ Kb6 24. Bd3 Re8 25. Rxe8 Qxe8 26. Kd2 Qe6 27. b3 Qf6 28. Qe3 Qc3+ 29. Ke2 f5 30. h3 d5 31. g4 Kc6 32. gxf5 gxf5 33. Bxf5 Qf6 34. Bxh7 Ne6 35. f5 Nd4+ 36. Kd3 Nxf5 37. Bxf5 Qxf5+ 38. Kd2 Qf6 39. c3 Kd6 40. Qb6+ Ke5 41. Qxf6+ Kxf6 1-0

[Event "Titled Tuesday intern op 13th Feb Late"]
[Site "Chess.com INT"]
[Date "2024.02.13"]
[Round "9"]
[White "Mesa Cruz, Juan Carlos"]
[Black "Jackson, Edward"]
[Result "0-1"]
[WhiteElo "2126"]
[BlackElo "2156"]
[PlyCount "68"]
[EventDate "2024.02.13"]
[EventType "swiss (blitz)"]
[EventRounds "11"]
[EventCountry "USA"]
[SourceTitle "CB08_2024"]
[SourceDate "2024.02.21"]
[SourceVersion "1"]
[SourceVersionDate "2024.02.21"]
[SourceQuality "1"]

1. e4 c6 2. Nf3 d5 3. Nc3 dxe4 4. Nxe4 Nf6 5. Qe2 Nxe4 6. Qxe4 Qd5 7. Qh4 Qe6+ 8. Be2 Qg4 9. Qg3 Qxg3 10. hxg3 g6 11. d4 Bg7 12. Bf4 0-0 13. 0-0-0 Bg4 14. Bh6 Nd7 15. Rde1 e6 16. Bxg7 Kxg7 17. Ng5 h5 18. f3 Bf5 19. g4 f6 20. gxf5 fxg5 21. fxe6 Nf6 22. Bc4 Rfe8 23. Re5 g4 24. Rhe1 Rad8 25. c3 Re7 26. a4 gxf3 27. gxf3 Ne8 28. Rg1 Kf6 29. Bd3 Rg7 30. f4 Nc7 31. Reg5 Rdg8 32. Re1 Nxe6 33. Rge5 Nxf4 34. Bc4 Rd8 0-1

[Event "Titled Tuesday intern op 13th Feb Late"]
[Site "Chess.com INT"]
[Date "2024.02.13"]
[Round "10"]
[White "Mesa Cruz, Juan Carlos"]
[Black "Shapiro, Viktor"]
[Result "0-1"]
[WhiteElo "2126"]
[BlackElo "2113"]
[PlyCount "94"]
[EventDate "2024.02.13"]
[EventType "swiss (blitz)"]
[EventRounds "11"]
[EventCountry "USA"]
[SourceTitle "CB08_2024"]
[SourceDate "2024.02.21"]
[SourceVersion "1"]
[SourceVersionDate "2024.02.21"]
[SourceQuality "1"]

1. e4 Nf6 2. e5 Nd5 3. d4 d6 4. Nf3 Bg4 5. h3 Bh5 6. e6 fxe6 7. g4 Bf7 8. c4 Nb6 9. Bg2 Nc6 10. Ng5 Bg8 11. Be3 Nxc4 12. Bxc6+ bxc6 13. Qa4 Nb6 14. Qxc6+ Qd7 15. Qe4 0-0-0 16. Nc3 h6 17. Nf3 Bh7 18. Qf4 g5 19. Qg3 Bg7 20. Rc1 Rhf8 21. 0-0 Qc6 22. Nd2 e5 23. d5 Nxd5 24. Qg2 e6 25. Nb3 Nb4 26. Qxc6 Nxc6 27. Nb5 Kd7 28. Rfd1 Rc8 29. Nc5+ Ke7 30. Na6 Be4 31. Naxc7 Rfd8 32. Na6 Nd4 33. Nxd4 exd4 34. Rxc8 Rxc8 35. Bxd4 Bxd4 36. Rxd4 Rc1+ 37. Kh2 Bb7 38. Nb4 e5 39. Rd3 Rh1+ 40. Kg3 Rg1+ 41. Kh2 Rg2+ 42. Kh1 Rxf2+ 43. Kg1 Rg2+ 44. Kf1 Rxb2 45. a3 a5 46. Nd5+ Ke6 47. Ne3 Ba6 0-1

[Event "Titled Tuesday intern op 06th Feb Late"]
[Site "Chess.com INT"]
[Date "2024.02.06"]
[Round "7"]
[White "Davalos Prieto, Abel"]
[Black "Mesa Cruz, Juan Carlos"]
[Result "0-1"]
[WhiteElo "1985"]
[BlackElo "2126"]
[PlyCount "44"]
[EventDate "2024.02.06"]
[EventType "swiss (blitz)"]
[EventRounds "11"]
[EventCountry "USA"]
[SourceTitle "CB07_2024"]
[SourceDate "2024.02.14"]
[SourceVersion "1"]
[SourceVersionDate "2024.02.14"]
[SourceQuality "1"]

1. d4 Nf6 2. Bf4 d5 3. e3 c5 4. dxc5 Qa5+ 5. Nd2 Nc6 6. Ngf3 Bf5 7. a3 Qxc5 8. c4 dxc4 9. Bxc4 e5 10. Qb3 exf4 11. Qxb7 Rb8 12. Qxf7+ Kd8 13. Rd1 Qe7 14. Nb3+ Kc7 15. Nfd4 Qxf7 16. Bxf7 Bd7 17. Nxc6 Bxc6 18. Nd4 Bd7 19. Rc1+ Kd6 20. 0-0 g6 21. exf4 Bh6 22. g3 Rxb2 0-1

[Event "Titled Tuesday intern op 06th Feb Late"]
[Site "Chess.com INT"]
[Date "2024.02.06"]
[Round "3"]
[White "Hajiyev, Kanan"]
[Black "Mesa Cruz, Juan Carlos"]
[Result "1-0"]
[WhiteElo "2081"]
[BlackElo "2126"]
[PlyCount "75"]
[EventDate "2024.02.06"]
[EventType "swiss (blitz)"]
[EventRounds "11"]
[EventCountry "USA"]
[SourceTitle "CB07_2024"]
[SourceDate "2024.02.14"]
[SourceVersion "1"]
[SourceVersionDate "2024.02.14"]
[SourceQuality "1"]

1. d4 Nf6 2. Nf3 d5 3. c4 e6 4. cxd5 exd5 5. Nc3 Be7 6. Qc2 c6 7. Bf4 0-0 8. e3 Nbd7 9. Bd3 Re8 10. 0-0 Nf8 11. Rab1 Ng6 12. Bg3 Bd6 13. b4 Bg4 14. Bxd6 Qxd6 15. Nd2 Rac8 16. Na4 Qe7 17. Rfc1 Bd7 18. Nc5 Rb8 19. a4 b6 20. Nxd7 Nxd7 21. Qxc6 Nh4 22. Qxd5 Nf6 23. Qg5 Ng6 24. Bf5 Rbd8 25. h4 Rd5 26. h5 h6 27. Qg3 Nxh5 28. Qf3 Nf6 29. Bxg6 fxg6 30. Rc6 Rf5 31. Qg3 Rg5 32. Qc7 Qf8 33. Nf3 Rf5 34. Qd6 Ne4 35. Qxf8+ Rexf8 36. Rxg6 Kh7 37. Re6 g5 38. Rxe4 1-0

[Event "Titled Tuesday intern op 06th Feb Late"]
[Site "Chess.com INT"]
[Date "2024.02.06"]
[Round "4"]
[White "Mesa Cruz, Juan Carlos"]
[Black "Asish, Panda"]
[Result "0-1"]
[WhiteElo "2126"]
[BlackElo "1807"]
[PlyCount "116"]
[EventDate "2024.02.06"]
[EventType "swiss (blitz)"]
[EventRounds "11"]
[EventCountry "USA"]
[SourceTitle "CB07_2024"]
[SourceDate "2024.02.14"]
[SourceVersion "1"]
[SourceVersionDate "2024.02.14"]
[SourceQuality "1"]

1. e4 e6 2. Qe2 c5 3. Nf3 Nc6 4. g3 g6 5. Bg2 Bg7 6. 0-0 Nge7 7. c3 0-0 8. Na3 d6 9. Nc2 e5 10. d4 cxd4 11. cxd4 Nxd4 12. Nfxd4 exd4 13. Rd1 Nc6 14. b4 d3 15. Qxd3 Bxa1 16. Nxa1 Nxb4 17. Qd2 a5 18. Bb2 Qe7 19. a3 Nc6 20. Nc2 Be6 21. Ne3 f6 22. f4 Bb3 23. Rc1 Rad8 24. Ng4 h5 25. Qc3 hxg4 26. Qxb3+ Qf7 27. Qd1 Qd7 28. Bf1 d5 29. exd5 Kh7 30. Bg2 Ne7 31. d6 Qxd6 32. Qxg4 Qb6+ 33. Kh1 Qxb2 34. Re1 Qxa3 35. h4 Qb4 36. Re4 f5 37. Rxb4 fxg4 38. Rxb7 Rf7 39. Be4 Rg7 40. Ra7 Nf5 41. Rxa5 Nxg3+ 42. Kg2 Nxe4 43. h5 gxh5 44. Rxh5+ Kg8 45. Re5 Rd2+ 46. Kf1 Ng3+ 47. Ke1 Re2+ 48. Rxe2 Nxe2 49. Kxe2 g3 50. Kf1 g2+ 51. Kg1 Kf7 52. f5 Kf6 53. Kf2 g1Q+ 54. Ke2 Qh2+ 55. Kd3 Rg4 56. Ke3 Qh3+ 57. Kf2 Rg2+ 58. Kf1 Qh1# 0-1

[Event "Titled Tuesday intern op 06th Feb Late"]
[Site "Chess.com INT"]
[Date "2024.02.06"]
[Round "6"]
[White "Mesa Cruz, Juan Carlos"]
[Black "Souza, Gustavo Horokoski"]
[Result "0-1"]
[WhiteElo "2126"]
[BlackElo "1898"]
[PlyCount "100"]
[EventDate "2024.02.06"]
[EventType "swiss (blitz)"]
[EventRounds "11"]
[EventCountry "USA"]
[SourceTitle "CB07_2024"]
[SourceDate "2024.02.14"]
[SourceVersion "1"]
[SourceVersionDate "2024.02.14"]
[SourceQuality "1"]

1. e4 e6 2. Qe2 e5 3. Nf3 Nc6 4. g3 Nf6 5. Bg2 h6 6. 0-0 Bc5 7. c3 0-0 8. Nxe5 Nxe5 9. d4 Bd6 10. f4 Nc6 11. e5 Re8 12. Qf3 Bf8 13. exf6 Qxf6 14. Nd2 d6 15. Ne4 Qe7 16. f5 f6 17. g4 a5 18. Ng3 a4 19. Nh5 Bd7 20. Qd5+ Kh7 21. Nf4 Nd8 22. Ng6 Qe2 23. Bf3 Qc2 24. Rf2 Qd3 25. Nf4 Qb5 26. c4 Qxd5 27. cxd5 Nf7 28. h4 c6 29. Ne6 cxd5 30. Bxd5 Bxe6 31. fxe6 Nd8 32. Re2 Nc6 33. Be3 Ne7 34. Be4+ Kg8 35. d5 Rec8 36. h5 Rc4 37. Bf3 Rac8 38. Rd1 b5 39. Rd3 b4 40. b3 axb3 41. Rxb3 f5 42. g5 f4 43. Bd2 hxg5 44. Rxb4 Rxb4 45. Bxb4 Nf5 46. Bg4 Ne3 47. Bf3 Rc4 48. Bd2 Nf5 49. Bg4 Nd4 50. Re4 Be7 0-1

[Event "Titled Tuesday intern op 06th Feb Late"]
[Site "Chess.com INT"]
[Date "2024.02.06"]
[Round "5"]
[White "Perez Hernandez, Vicmary C"]
[Black "Mesa Cruz, Juan Carlos"]
[Result "1-0"]
[WhiteElo "1808"]
[BlackElo "2126"]
[PlyCount "139"]
[EventDate "2024.02.06"]
[EventType "swiss (blitz)"]
[EventRounds "11"]
[EventCountry "USA"]
[SourceTitle "CB07_2024"]
[SourceDate "2024.02.14"]
[SourceVersion "1"]
[SourceVersionDate "2024.02.14"]
[SourceQuality "1"]

1. e4 c5 2. Nf3 d6 3. d4 cxd4 4. Qxd4 Nf6 5. Bg5 Nc6 6. Bb5 Qa5+ 7. Nc3 Qxb5 8. Nxb5 Nxd4 9. Nfxd4 Nxe4 10. Nc7+ Kd7 11. Nxa8 Nxg5 12. Nb5 a6 13. Nc3 Kc6 14. a4 b6 15. a5 bxa5 16. Rxa5 Bb7 17. Rxg5 Bxa8 18. 0-0 e5 19. Rg3 g6 20. Rd1 f5 21. Nd5 e4 22. Rc3+ Kb7 23. Rb3+ Kc6 24. Rc3+ Kb7 25. Rc7+ Kb8 26. Rf7 Bh6 27. Nb4 Bf4 28. Nxa6+ Kc8 29. Rc7+ Kd8 30. Ra1 d5 31. Rf7 Ke8 32. Ra7 Bc6 33. Nc7+ Kd7 34. Nxd5+ Kd6 35. Nxf4 Rb8 36. b3 Be8 37. Ne2 Rc8 38. c4 Rb8 39. R7a3 Ke5 40. g3 g5 41. Kf1 Kf6 42. Ke1 Ke5 43. Nc3 f4 44. Nd5 Bf7 45. Nc7 e3 46. Ra5+ Ke4 47. Rxg5 Rxb3 48. gxf4 Bxc4 49. fxe3 Rxe3+ 50. Kf2 Re2+ 51. Kg1 Kf3 52. Rg3+ Kxf4 53. Ra4 Re1+ 54. Kg2 Re2+ 55. Kh3 Re4 56. Rc3 Be6+ 57. Nxe6+ Ke5 58. Rxe4+ Kxe4 59. Ng5+ Kf5 60. Nxh7 Kg6 61. Rg3+ Kf7 62. Kg2 Ke7 63. h4 Kf7 64. h5 Ke6 65. Ng5+ Kf6 66. Nf3 Kf5 67. h6 Kf6 68. h7 Kf5 69. h8Q Kf4 70. Qe5# 1-0

[Event "Titled Tuesday intern op 23rd Jan Late"]
[Site "Chess.com INT"]
[Date "2024.01.23"]
[Round "2"]
[White "Mesa Cruz, Juan Carlos"]
[Black "Adewumi, Tanitoluwa"]
[Result "0-1"]
[WhiteElo "2126"]
[BlackElo "2280"]
[PlyCount "80"]
[EventDate "2024.01.23"]
[EventType "swiss (blitz)"]
[EventRounds "11"]
[EventCountry "USA"]
[SourceTitle "CB05_2024"]
[SourceDate "2024.01.31"]
[SourceVersion "1"]
[SourceVersionDate "2024.01.31"]
[SourceQuality "1"]

1. e4 c5 2. Nf3 e6 3. g3 Nc6 4. Bg2 Nf6 5. d3 d5 6. Nbd2 Be7 7. 0-0 Qc7 8. Re1 b6 9. h4 Bb7 10. a3 Rd8 11. exd5 exd5 12. Nf1 0-0 13. Ne3 Rfe8 14. Nf5 Bc8 15. Nxe7+ Rxe7 16. Bg5 Qd6 17. Bf4 Qd7 18. Rxe7 Qxe7 19. Qd2 Bg4 20. Re1 Qd7 21. Ne5 Nxe5 22. Bxe5 Qf5 23. f3 Bxf3 24. Bxf6 Qxf6 25. Rf1 Qd4+ 26. Rf2 Bxg2 27. Kxg2 Re8 28. c3 Qe3 29. Qd1 g6 30. Qa4 Re7 31. Qc6 Qxd3 32. Qf6 Qe4+ 33. Kh2 Qe5 34. Qf3 Kg7 35. Rd2 Rd7 36. Re2 Qf6 37. Qg4 Re7 38. Rd2 d4 39. cxd4 cxd4 40. Rxd4 Qf2+ 0-1

[Event "Titled Tuesday intern op 23rd Jan Late"]
[Site "Chess.com INT"]
[Date "2024.01.23"]
[Round "7"]
[White "Sargsyan, Anna M"]
[Black "Mesa Cruz, Juan Carlos"]
[Result "1-0"]
[WhiteElo "2377"]
[BlackElo "2126"]
[PlyCount "105"]
[EventDate "2024.01.23"]
[EventType "swiss (blitz)"]
[EventRounds "11"]
[EventCountry "USA"]
[SourceTitle "CB05_2024"]
[SourceDate "2024.01.31"]
[SourceVersion "1"]
[SourceVersionDate "2024.01.31"]
[SourceQuality "1"]

1. d4 Nf6 2. c4 e6 3. Nf3 d5 4. Nc3 Be7 5. Bf4 c6 6. e3 0-0 7. Rc1 Re8 8. h3 Nbd7 9. cxd5 exd5 10. Bd3 Nf8 11. 0-0 Ng6 12. Bh2 Bd6 13. Bxd6 Qxd6 14. Qc2 Nh5 15. a3 a5 16. Na4 Qf6 17. Bxg6 hxg6 18. Ne5 Qg5 19. f4 Qh4 20. Nb6 Bf5 21. Qf2 Qxf2+ 22. Rxf2 Nf6 23. Nxa8 Rxa8 24. b4 Ne4 25. Rb2 f6 26. Nf3 Nd6 27. Nd2 Bd7 28. Kf2 b5 29. g4 a4 30. Kf3 Kf7 31. Rh1 Re8 32. h4 f5 33. g5 Nc4 34. Nxc4 dxc4 35. h5 Be6 36. hxg6+ Kxg6 37. e4 fxe4+ 38. Ke3 c3 39. Rc2 Bd5 40. Rxc3 Kf5 41. Rh7 Kg6 42. Rh2 Kf5 43. Rc1 Rd8 44. Rch1 Bf7 45. Rh7 Kg6 46. f5+ Kxf5 47. Rxg7 Ke6 48. Rh6+ Ke7 49. g6 Kf6 50. Rxf7+ Kg5 51. Rhh7 Kxg6 52. Rd7 Kf6 53. Rxd8 1-0

[Event "Titled Tuesday intern op 19th Dec Early"]
[Site "Chess.com INT"]
[Date "2023.12.19"]
[Round "3"]
[White "Garcia Ramos, Daniel"]
[Black "Mesa Cruz, Juan Carlos"]
[Result "1-0"]
[WhiteElo "2448"]
[BlackElo "2126"]
[PlyCount "39"]
[EventDate "2023.12.19"]
[EventType "swiss (blitz)"]
[EventRounds "11"]
[EventCountry "USA"]
[SourceTitle "CB52_2023"]
[SourceDate "2023.12.27"]
[SourceVersion "1"]
[SourceVersionDate "2023.12.27"]
[SourceQuality "1"]

1. e4 c5 2. Nf3 d6 3. d4 cxd4 4. Nxd4 Nf6 5. f3 a6 6. c4 e6 7. Nc3 Be7 8. Be3 0-0 9. Qd2 b6 10. Be2 Bb7 11. 0-0 d5 12. cxd5 exd5 13. e5 Nfd7 14. f4 Nc5 15. Rad1 Ne4 16. Nxe4 dxe4 17. f5 Nc6 18. f6 Nxd4 19. Bxd4 Bc5 20. Qg5 1-0

[Event "Titled Tuesday intern op 19th Dec Early"]
[Site "Chess.com INT"]
[Date "2023.12.19"]
[Round "1"]
[White "Mesa Cruz, Juan Carlos"]
[Black "Antunez, Soler Luis"]
[Result "1-0"]
[WhiteElo "2126"]
[BlackElo "2200"]
[PlyCount "53"]
[EventDate "2023.12.19"]
[EventType "swiss (blitz)"]
[EventRounds "11"]
[EventCountry "USA"]
[SourceTitle "CB52_2023"]
[SourceDate "2023.12.27"]
[SourceVersion "1"]
[SourceVersionDate "2023.12.27"]
[SourceQuality "1"]

1. e4 e6 2. Qe2 c5 3. Nf3 Nc6 4. g3 d6 5. Bg2 e5 6. a3 Bg4 7. c3 Nf6 8. 0-0 Qd7 9. d3 Be7 10. b4 h5 11. Nbd2 h4 12. Nc4 hxg3 13. fxg3 Bh3 14. bxc5 Bxg2 15. Qxg2 dxc5 16. Nfxe5 Nxe5 17. Nxe5 Qe6 18. d4 cxd4 19. cxd4 0-0-0 20. Be3 Kb8 21. d5 Qa6 22. Nxf7 Ng4 23. Bd4 Rxh2 24. Qf3 Qc4 25. Qxg4 Qxd4+ 26. Kxh2 Qd2+ 27. Kh3 1-0

[Event "Titled Tuesday intern op 19th Dec Early"]
[Site "Chess.com INT"]
[Date "2023.12.19"]
[Round "10"]
[White "Rogov, Matfey"]
[Black "Mesa Cruz, Juan Carlos"]
[Result "1-0"]
[WhiteElo "2213"]
[BlackElo "2126"]
[PlyCount "67"]
[EventDate "2023.12.19"]
[EventType "swiss (blitz)"]
[EventRounds "11"]
[EventCountry "USA"]
[SourceTitle "CB52_2023"]
[SourceDate "2023.12.27"]
[SourceVersion "1"]
[SourceVersionDate "2023.12.27"]
[SourceQuality "1"]

1. Nc3 d5 2. d4 Nf6 3. Bg5 c5 4. e3 cxd4 5. exd4 Bg4 6. f3 Bd7 7. f4 e6 8. Nf3 Nc6 9. Bd3 Qb6 10. Ne2 Qxb2 11. 0-0 Qb6 12. Rb1 Qc7 13. Ne5 h6 14. Bh4 g5 15. fxg5 Nxe5 16. Bg3 Bd6 17. dxe5 Bc5+ 18. Kh1 Nh5 19. g6 Nxg3+ 20. Nxg3 f5 21. exf6 0-0-0 22. g7 Rhg8 23. Bh7 Bc6 24. Bxg8 Rxg8 25. f7 Rxg7 26. f8Q+ Bxf8 27. Rxf8+ Kd7 28. Qd4 e5 29. Qh4 Qa5 30. Rbf1 Re7 31. h3 Qa4 32. Qxh6 Qxc2 33. Nf5 Re6 34. Qg7+ 1-0

[Event "Titled Tuesday intern op 19th Dec Early"]
[Site "Chess.com INT"]
[Date "2023.12.19"]
[Round "2"]
[White "Thorfinnsson, Bjorn"]
[Black "Mesa Cruz, Juan Carlos"]
[Result "0-1"]
[WhiteElo "2353"]
[BlackElo "2126"]
[PlyCount "128"]
[EventDate "2023.12.19"]
[EventType "swiss (blitz)"]
[EventRounds "11"]
[EventCountry "USA"]
[SourceTitle "CB52_2023"]
[SourceDate "2023.12.27"]
[SourceVersion "1"]
[SourceVersionDate "2023.12.27"]
[SourceQuality "1"]

1. d4 Nf6 2. Nf3 d5 3. Bg5 c5 4. e3 cxd4 5. exd4 Nc6 6. c3 Ne4 7. Bf4 Bg4 8. Nbd2 e6 9. Bd3 f5 10. h3 Bh5 11. g4 Bg6 12. gxf5 exf5 13. Qe2 Bd6 14. Ne5 Bxe5 15. dxe5 Qh4 16. Qe3 0-0 17. Nf3 Qe7 18. Bb5 Bh5 19. 0-0-0 Bxf3 20. Qxf3 Nxe5 21. Bxe5 Qxe5 22. Ba4 Rac8 23. Rd3 d4 24. Kc2 dxc3 25. bxc3 Nc5 26. Bb3+ Kh8 27. Rd5 Qe4+ 28. Qxe4 fxe4 29. Rf1 e3 30. f3 b6 31. Re5 Rce8 32. Rxe8 Rxe8 33. Bd5 g5 34. Re1 Kg7 35. Be4 Nxe4 36. fxe4 Rxe4 37. Kd3 Re7 38. Ke2 Kf6 39. Rd1 h5 40. Rd6+ Kf5 41. Rh6 h4 42. Rd6 Kf4 43. Rd4+ Kg3 44. Rg4+ Kxh3 45. Rxg5 Kh2 46. a4 h3 47. a5 bxa5 48. Rxa5 Kg1 49. Rg5+ Kh1 50. c4 h2 51. c5 a5 52. c6 a4 53. Rc5 Kg2 54. Rg5+ Kh3 55. Rh5+ Kg3 56. Rh6 Rg7 57. Kxe3 Kg2 58. c7 Rxc7 59. Rg6+ Kf1 60. Rf6+ Kg1 61. Rg6+ Kh1 62. Ra6 Rg7 63. Rxa4 Kg2 64. Ra2+ Kh3 0-1